086_ Personnalités nées un 27 mars par images - Statistiques

Statistiques générales
  • Ce quiz a été pris 34 fois
  • Le résultat moyen est 3 sur 9
Statistiques - réponses
Par images Hint Réponse % Correct
Acteur Kad Merad
97%
Chanteuse Mariah Carey
85%
Producteur Quentin Tarantino
73%
Chanteuse Lisa
15%
Haut Fonctionnaire Georges Eugène Haussmann
12%
Actrice Pauley Perrette
6%
Acteur Michael York
3%
Acteur David Jansen
0%
Actrice Sophie Nélisse
0%
Aucun quiz correspondant
Distribution des résultats
% des personnes avec chaque résultat
Percentile par nombre de réponses
Votre historique - résultats
Vous n’avez pas pris ce quiz